Άξονες και προυποθέσεις για μια διεπιστημονική έρευνα : πρακτικά συνεδρίου

Αποθηκεύτηκε σε:
Λεπτομέρειες βιβλιογραφικής εγγραφής
Συλλογικό Έργο: Πνευματικό Ιδρυμα Σάμου "Νικόλαος Δημητρίου", Πανεπιστήμιο Αιγαίου Τμήμα Μαθηματικών
Μορφή: Βιβλίο
Γλώσσα:Greek
Δημοσίευση: Αθήνα : Πνευματικό Ιδρυμα Σάμου "Νικόλαος Δημητρίου", 1995
Σειρά:Βιβλιοθήκη επιστημονικών εκδόσεων ; ; 7
Θέματα:
Ετικέτες: Προσθήκη ετικέτας
Δεν υπάρχουν, Καταχωρήστε ετικέτα πρώτοι!

MARC

LEADER 00000cam a2200000 i 4500
001 1/43629
008 980220s1995 gre d
020 |a 960-85305-6-3 
035 |a 1996  |c ΙΔΡΥΜΑ ΔΗΜΗΤΡΙΟΥ  |l 10042075 
035 |a 1997  |c ΓΡΑΜΜΑΤΕΙΑ ΜΥΤΙΛΗΝΗΣ 
040 |a GR-MY-UA  |b gre  |e aacr 
041 0 |a gre 
082 0 |a 394.3 
245 1 0 |a Άξονες και προυποθέσεις για μια διεπιστημονική έρευνα :  |b πρακτικά συνεδρίου /  |c Πνευματικό Ιδρυμα Σάμου "Νικόλαος Δημητρίου" 
260 |a Αθήνα :   |b Πνευματικό Ιδρυμα Σάμου "Νικόλαος Δημητρίου",   |c 1995 
300 |a 254 σ.;  |c 25 εκ. 
490 1 |a Βιβλιοθήκη επιστημονικών εκδόσεων  |v ; 7 
650 0 0 |a Music  |z Aegean Islands (Greece and Turkey)  |x Congresses. 
650 0 0 |a Dance  |x Folklore  |z Greece  |x Congresses. 
650 0 0 |a Dance music  |z Greece  |x Congresses. 
651 0 |a Aegean Islands (Greece and Turkey)  |x Civilization  |x Congresses. 
710 2 |a Πνευματικό Ιδρυμα Σάμου "Νικόλαος Δημητρίου". 
710 2 |a Πανεπιστήμιο Αιγαίου  |b Τμήμα Μαθηματικών. 
830 0 |a Βιβλιοθήκη επιστημονικών εκδόσεων ;  |v ; 7 
852 |a INST  |b CHIOS  |e 19990525  |h 394.3 ΑΞΟ  |p 005200010337  |q 005200010337  |t BK  |y 0 
852 |a INST  |b LESVOS  |e 20000322  |h 394.3 ΑΞΟ  |p 005100020665  |q 005100020665  |t BK  |y 0 
852 |a INST  |b LESVOS  |e 20020913  |h 394.3 ΑΞΟ  |p 005100025141  |q 005100025141  |t BK  |y 0 
852 |a INST  |b LESVOS  |e 20060720  |h 394.3 ΑΞΟ  |p 005100036390  |q 005100036390  |t BK  |y 0 
852 |a INST  |b RHODES  |e 20000426  |h 394.3 ΑΞΟ  |p 005400006127  |q 005400006127  |t BK  |y 0 
852 |a INST  |b SAMOS  |e 19980220  |h 394.3 ΑΞΟ  |p 005300008573  |q 005300008573  |t BK  |y 0 
852 |a INST  |b SAMOS  |e 19980220  |h 394.3 ΑΞΟ  |p 005300009764  |q 005300009764  |t BK  |y 0 
901 |a BIBL-1998-1 
901 |a BIBL2-1999-2 
901 |a BIBL4-2000-1 
901 |a BIBL1-2002-3 
901 |a BIBL1-2006-2 
909 |a Σ  |b 036183 
909 |a Σ  |b 051099 
909 |a Χ  |b 048381 
909 |a Λ  |b 072455 
909 |a Λ  |b 099103 
909 |a Ρ  |b 073834 
909 |a Λ  |b 124338 
922 |a 4ΔΩΡ  |b 200004  |c ΔΩΡΕΑ